[Event "Llinars del Valles op 1st"]
[Site "Llinars del Valles"]
[Date "2021.06.30"]
[Round "6"]
[White "Capdevila Morell, Josep A"]
[Black "Romero Kovina, Daniel"]
[Result "1/2-1/2"]
[WhiteElo "1757"]
[BlackElo "1336"]
[PlyCount "108"]
[EventDate "2021.06.25"]
[EventType "swiss"]
[EventRounds "9"]
[EventCountry "ESP"]
[SourceTitle "CBM 203 Extra"]
[Source "ChessBase"]
[SourceDate "2021.09.30"]
[SourceVersion "1"]
[SourceVersionDate "2021.09.30"]
[SourceQuality "1"]

1. e4 c5 2. Nf3 e6 3. c4 a6 4. d4 cxd4 5. Nxd4 Qc7 6. Nc3 b6 7. Be2 Bb7 8. 0-0 Nf6 9. Qd3 d6 10. Bg5 Nbd7 11. f3 Be7 12. Rac1 0-0 13. b3 Rac8 14. Rfd1 Qb8 15. f4 Rfe8 16. Bf3 Qa8 17. Qe2 Nf8 18. e5 dxe5 19. fxe5 N6d7 20. Bxe7 Rxe7 21. Bxb7 Qxb7 22. Ne4 Qc7 23. Nd6 Rd8 24. Nf3 Ng6 25. c5 bxc5 26. Nc4 Nf4 27. Qe4 Nd5 28. Qh4 f6 29. Qe4 fxe5 30. Ncxe5 Rc8 31. Nxd7 Qxd7 32. Ng5 g6 33. Nxe6 Rd8 34. Rxc5 Rxe6 35. Qxd5 Qxd5 36. Rcxd5 Rde8 37. R1d2 Rf8 38. h3 Rff6 39. Rd7 h5 40. Ra7 h4 41. Rd8+ Rf8 42. Rxf8+ Kxf8 43. Kf2 Rf6+ 44. Ke3 Re6+ 45. Kf3 g5 46. Kg4 Re2 47. Rxa6 Rxg2+ 48. Kf5 Ke7 49. b4 Rb2 50. a3 Rb3 51. Kxg5 Rxh3 52. Kg4 Rh1 53. b5 Kd7 54. Rc6 Rb1 1/2-1/2